[Event "Gonzaga Masters 2020"]
[Site "Dublin IRL"]
[Date "2020.01.25"]
[Round "2.7"]
[White "Greet, Andrew"]
[Black "Kanyamarala, Trisha"]
[Result "1-0"]
[WhiteTitle "IM"]
[BlackTitle "WFM"]
[WhiteElo "2425"]
[BlackElo "2195"]
[BlackICU "2140"]
[BlackClub "Balbriggan"]
[WhiteNationality "SCO"]
[BlackNationality "IRL"]
[WhiteFideId "405817"]
[BlackFideId "45004722"]
[PlyCount "127"]
[EventDate "2020.01.24"]
[Source "Live boards"]

{ Event information: <a
href="http://www.irlchess.com/gonzaga2020_allfiles/pairings_gonzaga2020.html">Tournament
report</a>. }

1. d4 Nf6 2. Nf3 d5 3. c4 e6 4. g3 dxc4 5. Bg2 Nc6 6. Qa4 Bb4+ 7. Bd2 Nd5
8. Qb5 Bxd2+ 9. Nbxd2 c3 10. bxc3 Nxc3 11. Qd3 Nd5 12. O-O O-O 13. Rfc1 h6
14. Rab1 Qe7 15. e3 Rd8 16. Qb3 Qf8 17. Nc4 a5 18. a3 Qe8 19. Nfe5 Nce7 20.
Nd2 c6 21. Ne4 Nf5 22. Nc4 b5 23. Ne5 Nfe7 24. Qc2 Ra6 25. Qc5 f6 26. Nd3
Nb6 27. Nd6 Qd7 28. Nxc8 Rxc8 29. Qc2 Raa8 30. Qa2 Nc4 31. Nc5 Qd6 32. Bf1
Nb6 33. Bh3 f5 34. Qxe6+ Qxe6 35. Nxe6 Nc4 36. a4 Rab8 37. Bg2 Nd6 38. Nc5
Kf7 39. Nd7 Rb7 40. Ne5+ Kf6 41. Nxc6 b4 42. Nxa5 Ra7 43. Rxc8 Nexc8 44.
Nc6 Rxa4 45. Nxb4 Ne7 46. Nd3 Nc4 47. h4 Ra3 48. Nf4 Ra5 49. h5 g5 50. hxg6
Nxg6 51. Nxg6 Kxg6 52. Bf1 Nd2 53. Rb6+ Kg7 54. Be2 Ra2 55. g4 Ne4 56. Bd3
Nxf2 57. Bxf5 Nh3+ 58. Kf1 Rh2 59. Rg6+ Kf7 60. Rxh6 Kg7 61. Rh7+ Kf6 62.
Rh6+ Kg5 63. Rh5+ Kf6 64. e4 1-0

[Event "Gonzaga Masters 2020"]
[Site "Dublin IRL"]
[Date "2020.01.25"]
[Round "2.8"]
[White "Haque, Muhtarim-Ul"]
[Black "Lalic, Bogdan"]
[Result "1/2-1/2"]
[BlackTitle "GM"]
[WhiteElo "2045"]
[BlackElo "2402"]
[WhiteICU "1981"]
[WhiteClub "Rathmines"]
[WhiteNationality "IRL"]
[BlackNationality "CRO"]
[WhiteFideId "2509415"]
[BlackFideId "409081"]
[PlyCount "23"]
[EventDate "2020.01.24"]
[Source "Live boards"]
[BlackFullName "Lali&#263;, Bogdan"]

{ Event information: <a
href="http://www.irlchess.com/gonzaga2020_allfiles/pairings_gonzaga2020.html">Tournament
report</a>. }

1. d4 Nf6 2. c4 e6 3. Nc3 Bb4 4. e3 O-O 5. Ne2 c6 6. a3 Ba5 7. b4 Bc7 8. e4
d6 9. Bg5 e5 10. d5 Nbd7 11. Ng3 h6 12. h4 1/2-1/2

[Event "Gonzaga Masters 2020"]
[Site "Dublin IRL"]
[Date "2020.01.25"]
[Round "2.9"]
[White "Margolin, Boris"]
[Black "Dwyer, Daniel"]
[Result "1-0"]
[WhiteTitle "IM"]
[WhiteElo "2396"]
[BlackElo "1782"]
[BlackICU "1732"]
[BlackClub "Gonzaga"]
[WhiteNationality "GER"]
[BlackNationality "IRL"]
[WhiteFideId "4646193"]
[BlackFideId "2507927"]
[PlyCount "47"]
[EventDate "2020.01.24"]
[Source "Live boards"]

{ Event information: <a
href="http://www.irlchess.com/gonzaga2020_allfiles/pairings_gonzaga2020.html">Tournament
report</a>. }

1. e4 c6 2. Nc3 d5 3. Nf3 dxe4 4. Nxe4 Bf5 5. Ng3 Bg6 6. h4 h6 7. Ne5 Bh7
8. Qh5 g6 9. Bc4 e6 10. Qe2 Qd6 11. d4 Be7 12. Bd2 Nf6 13. O-O-O h5 14.
Rhe1 b5 15. Bb3 a5 16. a4 bxa4 17. Nc4 Qc7 18. Bxa4 Nd5 19. Ne4 Nb6 20.
Nxb6 Qxb6 21. d5 Qd4 22. Nc3 Qxh4 23. dxe6 fxe6 24. Qxe6 1-0

[Event "Gonzaga Masters 2020"]
[Site "Dublin IRL"]
[Date "2020.01.25"]
[Round "2.10"]
[White "Rush, Stephen"]
[Black "Daly, Colm"]
[Result "1/2-1/2"]
[BlackTitle "FM"]
[WhiteElo "1987"]
[BlackElo "2238"]
[WhiteICU "2078"]
[BlackICU "2211"]
[WhiteClub "Q.U.B."]
[BlackClub "Bray/Greystones"]
[WhiteNationality "IRL"]
[BlackNationality "IRL"]
[WhiteFideId "2512173"]
[BlackFideId "2500434"]
[PlyCount "116"]
[EventDate "2020.01.24"]
[Source "Live boards"]

{ Event information: <a
href="http://www.irlchess.com/gonzaga2020_allfiles/pairings_gonzaga2020.html">Tournament
report</a>. }

1. d4 Nf6 2. c4 g6 3. f3 d6 4. e4 Bg7 5. Nc3 e5 6. d5 Nh5 7. Be3 f5 8. Qd2
f4 9. Bf2 Bf6 10. Nge2 Bh4 11. g3 Bg5 12. Qd3 fxg3 13. hxg3 O-O 14. Bg2 Na6
15. Nc1 Nb4 16. Qd1 c5 17. a3 Na6 18. Nd3 Bd7 19. b4 b6 20. Qe2 Rf7 21. O-O
Rc8 22. b5 Nc7 23. a4 Ng7 24. a5 bxa5 25. Rfb1 Na8 26. Qa2 Qf8 27. Qe2 Qd8
28. Nc1 Bxc1 29. Rxc1 Rb8 30. Be1 Ne8 31. Nd1 Nb6 32. Rxa5 Nc8 33. Ne3 Nc7
34. Rca1 Rb7 35. Bd2 Na8 36. Kf2 Nab6 37. Qf1 Qf8 38. Ke2 h5 39. Qh1 Qe7
40. Bh3 Qe8 41. Bxd7 Nxd7 42. g4 Rh7 43. gxh5 Rxh5 44. Qg2 Nf6 45. Ra6 Rbh7
46. Ng4 Qf8 47. Rg1 Nxg4 48. Qxg4 Rh2+ 49. Rg2 Nb6 50. Kd3 Rxg2 51. Qxg2
Kh8 52. f4 Qc8 53. Qxg6 Qh3+ 54. Kc2 Rg7 55. Qf6 Qf1 56. Rxa7 Qxc4+ 57. Kd1
Qf1+ 58. Kc2 Qc4+ 1/2-1/2

[Event "Gonzaga Masters 2020"]
[Site "Dublin IRL"]
[Date "2020.01.25"]
[Round "3.1"]
[White "Lupulescu, Constantin"]
[Black "Greet, Andrew"]
[Result "1-0"]
[WhiteTitle "GM"]
[BlackTitle "IM"]
[WhiteElo "2649"]
[BlackElo "2425"]
[WhiteNationality "ROU"]
[BlackNationality "SCO"]
[WhiteFideId "1207822"]
[BlackFideId "405817"]
[PlyCount "89"]
[EventDate "2020.01.24"]
[Source "Live boards"]

{ Event information: <a
href="http://www.irlchess.com/gonzaga2020_allfiles/pairings_gonzaga2020.html">Tournament
report</a>. }

1. d4 e6 2. c4 Nf6 3. Nf3 b6 4. Bf4 Bb7 5. e3 Be7 6. Nc3 Nh5 7. Bd3 Nxf4 8.
exf4 Bf6 9. h4 Bxf3 10. Qxf3 Nc6 11. d5 Nd4 12. Qe3 O-O 13. O-O-O c5 14. g4
Re8 15. d6 b5 16. cxb5 Qa5 17. Qe4 g6 18. h5 a6 19. hxg6 hxg6 20. Rh6 Nb3+
21. axb3 Bxc3 22. Qa4 Qxa4 23. bxa4 Bg7 24. Rh3 axb5 25. Bxb5 Ra7 26. Rhd3
Rb8 27. Kc2 Bd4 28. Rxd4 cxd4 29. Rxd4 Rc8+ 30. Kd2 Kg7 31. b4 f6 32. a5
Rb8 33. Be2 e5 34. Re4 f5 35. gxf5 gxf5 36. Rc4 Kf6 37. Kc3 Ke6 38. fxe5
Kxe5 39. Rd4 Rc8+ 40. Bc4 Rc6 41. f4+ Kf6 42. b5 Rxc4+ 43. Kxc4 Rxa5 44. b6
Ra8 45. Kb5 1-0

[Event "Gonzaga Masters 2020"]
[Site "Dublin IRL"]
[Date "2020.01.25"]
[Round "3.2"]
[White "Margolin, Boris"]
[Black "Meier, Georg"]
[Result "1/2-1/2"]
[WhiteTitle "IM"]
[BlackTitle "GM"]
[WhiteElo "2396"]
[BlackElo "2629"]
[WhiteNationality "GER"]
[BlackNationality "GER"]
[WhiteFideId "4646193"]
[BlackFideId "4675789"]
[PlyCount "60"]
[EventDate "2020.01.24"]
[Source "Live boards"]

{ Event information: <a
href="http://www.irlchess.com/gonzaga2020_allfiles/pairings_gonzaga2020.html">Tournament
report</a>. }

1. e4 e6 2. d4 d5 3. exd5 exd5 4. Nf3 Bf5 5. Bd3 Ne7 6. O-O Nbc6 7. b3 Qd7
8. Ba3 O-O-O 9. Re1 Ng6 10. g3 Bb4 11. c3 Ba5 12. Qc2 Bxd3 13. Qxd3 Qg4 14.
b4 Bb6 15. Nbd2 Rhe8 16. Rxe8 Rxe8 17. Re1 Rxe1+ 18. Nxe1 a6 19. Nf1 Nce7
20. b5 axb5 21. Bxe7 Nxe7 22. Ne3 Qh3 23. Qxb5 Qd7 24. Qb3 Ba7 25. Nd3 c6
26. Qa3 Kb8 27. Ne5 Qe6 28. Qa5 b6 29. Qb4 Kc7 30. a4 f6 1/2-1/2

[Event "Gonzaga Masters 2020"]
[Site "Dublin IRL"]
[Date "2020.01.25"]
[Round "3.3"]
[White "O'Gorman, Tom"]
[Black "Korneev, Oleg"]
[Result "1/2-1/2"]
[WhiteTitle "FM"]
[BlackTitle "GM"]
[WhiteElo "2245"]
[BlackElo "2513"]
[WhiteICU "2205"]
[WhiteClub "Dun Laoghaire"]
[WhiteNationality "IRL"]
[BlackNationality "ESP"]
[WhiteFideId "2508249"]
[BlackFideId "4156803"]
[PlyCount "120"]
[EventDate "2020.01.24"]
[Source "Live boards"]

{ Event information: <a
href="http://www.irlchess.com/gonzaga2020_allfiles/pairings_gonzaga2020.html">Tournament
report</a>. }

1. e4 c5 2. Nf3 e6 3. d4 cxd4 4. Nxd4 Nc6 5. Nc3 Qc7 6. Ndb5 Qb8 7. Be3 a6
8. Bb6 axb5 9. Nxb5 Bb4+ 10. c3 Ba5 11. Nc7+ Qxc7 12. Bxc7 Bxc7 13. Qg4 g6
14. Bb5 Nge7 15. O-O O-O 16. a4 d5 17. exd5 exd5 18. Qg5 Be6 19. Rfe1 Kg7
20. b4 Rad8 21. Bf1 Nf5 22. Rad1 Be5 23. Qc1 Bf6 24. h3 h5 25. g3 Rc8 26.
Qa3 Ne5 27. Bg2 Rc7 28. Re2 Rfc8 29. Bxd5 Rxc3 30. Qa2 Nd4 31. Re3 Rxe3 32.
fxe3 Rc2 33. Bxe6 fxe6 34. Qb1 Ndf3+ 35. Kf1 Nh2+ 36. Kg1 Nhf3+ 37. Kf1
Nd2+ 38. Rxd2 Rxd2 39. Qe4 Rd5 40. Qc2 Bd8 41. Qc8 Rd7 42. a5 g5 43. Ke2 g4
44. hxg4 hxg4 45. Qa8 Nf3 46. Qc8 Ne5 47. Qa8 Nf3 48. Qc8 Rd2+ 49. Kf1 Nh2+
50. Ke1 Nf3+ 51. Kf1 Bg5 52. Qxe6 Nh2+ 53. Ke1 Nf3+ 54. Kf1 Rd3 55. Qb6
Rd1+ 56. Kf2 Rd2+ 57. Kf1 Rd1+ 58. Kf2 Rd2+ 59. Kf1 Nh2+ 60. Ke1 Nf3+
1/2-1/2

[Event "Gonzaga Masters 2020"]
[Site "Dublin IRL"]
[Date "2020.01.25"]
[Round "3.4"]
[White "Tiviakov, Sergei"]
[Black "Carroll, Peter"]
[Result "1-0"]
[WhiteTitle "GM"]
[WhiteElo "2608"]
[BlackElo "2087"]
[BlackICU "2104"]
[BlackClub "Gonzaga"]
[WhiteNationality "NED"]
[BlackNationality "IRL"]
[WhiteFideId "1008013"]
[BlackFideId "2510243"]
[PlyCount "77"]
[EventDate "2020.01.24"]
[Source "Live boards"]

{ Event information: <a
href="http://www.irlchess.com/gonzaga2020_allfiles/pairings_gonzaga2020.html">Tournament
report</a>. }

1. e4 c5 2. Nc3 a6 3. Nge2 e6 4. d4 cxd4 5. Nxd4 Qc7 6. Bd3 Nc6 7. Nxc6
dxc6 8. O-O Nf6 9. f4 b5 10. e5 Nd5 11. Ne4 c5 12. c4 Nb4 13. Be2 Bb7 14.
Nd6+ Bxd6 15. exd6 Qc6 16. Bf3 Qd7 17. a3 Bxf3 18. Rxf3 Nc6 19. Be3 bxc4
20. Bxc5 Na5 21. Qd4 O-O 22. Rd1 Rac8 23. Rg3 f6 24. Bb4 Nb3 25. Qe4 a5 26.
Bc3 Rc6 27. Re3 Re8 28. Rh3 f5 29. Qe5 Rc5 30. Qe2 Rd5 31. Re1 Rxd6 32.
Bxg7 Kxg7 33. Qe5+ Kg8 34. Rg3+ Kf8 35. Qh8+ Ke7 36. Rg7+ Kf6 37. Rxd7+
Rxh8 38. Rxd6 Re8 39. Rc6 1-0

[Event "Gonzaga Masters 2020"]
[Site "Dublin IRL"]
[Date "2020.01.25"]
[Round "3.5"]
[White "Lalic, Bogdan"]
[Black "Fitzsimons, David"]
[Result "1/2-1/2"]
[WhiteTitle "GM"]
[BlackTitle "IM"]
[WhiteElo "2402"]
[BlackElo "2317"]
[BlackICU "2345"]
[BlackClub "Elm Mount"]
[WhiteNationality "CRO"]
[BlackNationality "IRL"]
[WhiteFideId "409081"]
[BlackFideId "2501961"]
[PlyCount "31"]
[EventDate "2020.01.24"]
[Source "Live boards"]
[WhiteFullName "Lali&#263;, Bogdan"]

{ Event information: <a
href="http://www.irlchess.com/gonzaga2020_allfiles/pairings_gonzaga2020.html">Tournament
report</a>. }

1. d4 d5 2. c4 e6 3. Nf3 Nf6 4. g3 c5 5. cxd5 exd5 6. Bg2 Nc6 7. O-O Be7 8.
dxc5 Bxc5 9. Bg5 O-O 10. Nc3 d4 11. Bxf6 Qxf6 12. Nd5 Qd8 13. Nd2 Re8 14.
Rc1 Bb6 15. Nc4 Bg4 16. Re1 1/2-1/2

[Event "Gonzaga Masters 2020"]
[Site "Dublin IRL"]
[Date "2020.01.25"]
[Round "3.6"]
[White "Turner, Matthew"]
[Black "Haque, Muhtarim-Ul"]
[Result "1-0"]
[WhiteTitle "GM"]
[WhiteElo "2521"]
[BlackElo "2045"]
[BlackICU "1981"]
[BlackClub "Rathmines"]
[WhiteNationality "SCO"]
[BlackNationality "IRL"]
[WhiteFideId "402893"]
[BlackFideId "2509415"]
[PlyCount "51"]
[EventDate "2020.01.24"]
[Source "Live boards"]

{ Event information: <a
href="http://www.irlchess.com/gonzaga2020_allfiles/pairings_gonzaga2020.html">Tournament
report</a>. }

1. d4 Nf6 2. Nf3 g6 3. g3 Bg7 4. c4 O-O 5. Bg2 d5 6. O-O c6 7. cxd5 cxd5 8.
Nc3 Nc6 9. Ne5 e6 10. f4 Nd7 11. Be3 Ndxe5 12. dxe5 Bd7 13. Bf2 Na5 14. e4
dxe4 15. Nxe4 Bc6 16. Qe2 Bxe4 17. Bxe4 Re8 18. b4 Nc6 19. b5 Na5 20. Rac1
a6 21. bxa6 bxa6 22. Rfd1 Qb8 23. Qd2 Nb7 24. Qd7 Na5 25. Rc7 Rf8 26. Bc5
1-0

[Event "Gonzaga Masters 2020"]
[Site "Dublin IRL"]
[Date "2020.01.25"]
[Round "3.7"]
[White "Saric, Ante"]
[Black "Murray, David"]
[Result "1-0"]
[WhiteTitle "GM"]
[WhiteElo "2559"]
[BlackElo "2140"]
[BlackICU "2145"]
[BlackClub "Gonzaga"]
[WhiteNationality "CRO"]
[BlackNationality "IRL"]
[WhiteFideId "14506254"]
[BlackFideId "2501511"]
[PlyCount "85"]
[EventDate "2020.01.24"]
[Source "Live boards"]
[WhiteFullName "&Scaron;ari&#263;, Ante"]

{ Event information: <a
href="http://www.irlchess.com/gonzaga2020_allfiles/pairings_gonzaga2020.html">Tournament
report</a>. }

1. Nf3 Nf6 2. g3 g6 3. b3 Bg7 4. Bb2 O-O 5. Bg2 d6 6. d4 c5 7. c4 Qa5+ 8.
Qd2 Qxd2+ 9. Nbxd2 Nfd7 10. O-O-O a5 11. Nb1 a4 12. dxc5 axb3 13. axb3 Nxc5
14. Bxg7 Kxg7 15. Kb2 Nc6 16. Nc3 Be6 17. Nd2 Ra5 18. Ra1 Rxa1 19. Rxa1 Rb8
20. Nde4 Nxe4 21. Bxe4 f6 22. Nb5 Kf7 23. Kc3 Rc8 24. h4 h6 25. e3 f5 26.
Bg2 Kf6 27. Nd4 Bd7 28. Nxc6 Bxc6 29. Bxc6 Rxc6 30. Ra5 b6 31. Rb5 e6 32.
Kd4 g5 33. hxg5+ hxg5 34. e4 fxe4 35. Kxe4 Kg6 36. Kf3 d5 37. cxd5 exd5 38.
Rxd5 Kh5 39. Kg2 Re6 40. f4 Re3 41. Rxg5+ Kh6 42. Rb5 Re6 43. Kf3 1-0

[Event "Gonzaga Masters 2020"]
[Site "Dublin IRL"]
[Date "2020.01.25"]
[Round "3.8"]
[White "Collins, Sam"]
[Black "Jackson, Carl"]
[Result "1-0"]
[WhiteTitle "IM"]
[WhiteElo "2446"]
[BlackElo "2074"]
[WhiteICU "2421"]
[BlackICU "2056"]
[WhiteClub "Gonzaga"]
[BlackClub "Gonzaga"]
[WhiteNationality "IRL"]
[BlackNationality "IRL"]
[WhiteFideId "2501198"]
[BlackFideId "2502585"]
[PlyCount "35"]
[EventDate "2020.01.24"]
[Source "Live boards"]

{ Event information: <a
href="http://www.irlchess.com/gonzaga2020_allfiles/pairings_gonzaga2020.html">Tournament
report</a>. }

1. e4 c5 2. Nc3 Nc6 3. Bb5 d6 4. Bxc6+ bxc6 5. f4 g6 6. Nf3 Bg7 7. d3 Rb8
8. O-O Bg4 9. h3 Bxf3 10. Qxf3 Bd4+ 11. Kh1 e6 12. f5 Kd7 13. Ne2 Bxb2 14.
Bxb2 Rxb2 15. d4 Rxc2 $2 (15... exf5 $16) 16. fxe6+ fxe6 17. Qb3 $18 Qb6 $2
18. Qxc2 1-0

[Event "Gonzaga Masters 2020"]
[Site "Dublin IRL"]
[Date "2020.01.25"]
[Round "3.9"]
[White "Dwyer, Daniel"]
[Black "Kanyamarala, Tarun"]
[Result "0-1"]
[BlackTitle "FM"]
[WhiteElo "1782"]
[BlackElo "2320"]
[WhiteICU "1732"]
[BlackICU "2220"]
[WhiteClub "Gonzaga"]
[BlackClub "Balbriggan"]
[WhiteNationality "IRL"]
[BlackNationality "IRL"]
[WhiteFideId "2507927"]
[BlackFideId "45004714"]
[PlyCount "36"]
[EventDate "2020.01.24"]
[Source "Live boards"]

{ Event information: <a
href="http://www.irlchess.com/gonzaga2020_allfiles/pairings_gonzaga2020.html">Tournament
report</a>. }

1. e4 c5 2. Nc3 Nc6 3. f4 g6 4. Nf3 Bg7 5. d3 e6 6. g3 d5 7. Bg2 Nge7 8.
O-O O-O 9. Qe1 Nd4 10. Nxd4 cxd4 11. Ne2 dxe4 12. dxe4 Qb6 13. Kh1 Bd7 14.
Qd1 Bb5 15. Rf3 Rfd8 16. a4 Qa6 17. Bf1 d3 18. axb5 dxe2 0-1

[Event "Gonzaga Masters 2020"]
[Site "Dublin IRL"]
[Date "2020.01.25"]
[Round "3.10"]
[White "O'Donnell, Conor"]
[Black "Manojlovic, Mihailo"]
[Result "1-0"]
[WhiteTitle "FM"]
[WhiteElo "2307"]
[BlackElo "2011"]
[WhiteICU "2287"]
[BlackICU "2205"]
[WhiteClub "Gonzaga"]
[WhiteNationality "IRL"]
[BlackNationality "IRL"]
[WhiteFideId "2504243"]
[BlackFideId "2507633"]
[PlyCount "69"]
[EventDate "2020.01.24"]
[Source "Live boards"]

{ Event information: <a
href="http://www.irlchess.com/gonzaga2020_allfiles/pairings_gonzaga2020.html">Tournament
report</a>. }

1. d4 Nf6 2. c4 g6 3. f3 Bg7 4. e4 d6 5. Nc3 O-O 6. Be3 Nc6 7. Nge2 a6 8.
Qd2 Rb8 9. Rc1 Bd7 10. Nd1 e5 11. d5 Ne7 12. Ng3 Ne8 13. Bd3 f5 14. exf5
Nxf5 15. Bg5 Bf6 16. Bxf6 Qxf6 17. Nxf5 gxf5 18. O-O Ng7 19. f4 Nh5 20.
fxe5 dxe5 21. c5 Kh8 22. Ne3 Nf4 23. Bc4 Qg5 24. Rce1 Rg8 25. Kh1 Rg6 26.
Rf2 Rbg8 27. Qc3 Re8 28. b4 Qh4 29. Nd1 Qf6 30. Ne3 Qh4 31. Rf3 Reg8 32.
Qxe5+ R8g7 33. g3 Qh5 34. Qxf4 c6 35. d6 1-0

[Event "Gonzaga Masters 2020"]
[Site "Dublin IRL"]
[Date "2020.01.25"]
[Round "3.11"]
[White "Delaney, Killian"]
[Black "AlMousa, Suleiman"]
[Result "1-0"]
[WhiteElo "2278"]
[BlackElo "1997"]
[WhiteICU "2239"]
[WhiteClub "Gonzaga"]
[WhiteNationality "IRL"]
[BlackNationality "JOR"]
[WhiteFideId "2501570"]
[BlackFideId "8103445"]
[PlyCount "89"]
[EventDate "2020.01.24"]
[Source "TWIC 1317"]

{ Event information: <a
href="http://www.irlchess.com/gonzaga2020_allfiles/pairings_gonzaga2020.html">Tournament
report</a>. }

1. Nf3 Nf6 2. c4 c5 3. g3 b6 4. Bg2 Bb7 5. O-O e6 6. Nc3 Be7 7. Re1 Ne4 8.
Nxe4 Bxe4 9. d3 Bb7 10. e4 O-O 11. d4 cxd4 12. Nxd4 d6 13. Be3 a6 14. a3
Nd7 15. Rc1 Rc8 16. f4 Re8 17. b4 Qc7 18. f5 e5 19. Ne2 Qb8 20. Qd3 b5 21.
cxb5 axb5 22. Qxb5 Nf6 23. Nc3 Qa8 24. Qa5 Ng4 25. Bb6 Bg5 26. Rc2 Rxc3 27.
Rxc3 Bd2 28. Rec1 Nf6 29. a4 Bxc3 30. Rxc3 Bxe4 31. Qxa8 Rxa8 32. Bxe4 Nxe4
33. Rc7 d5 34. a5 g6 35. fxg6 hxg6 36. Rd7 d4 37. Kf1 Kf8 38. Rd8+ Rxd8 39.
Bxd8 Nc3 40. a6 d3 41. Ke1 e4 42. Bb6 Nd5 43. Bc5+ Ke8 44. a7 Nc7 45. b5
1-0

[Event "Gonzaga Masters 2020"]
[Site "Dublin IRL"]
[Date "2020.01.25"]
[Round "3.12"]
[White "Daly, Colm"]
[Black "Putar, Leon"]
[Result "1-0"]
[WhiteTitle "FM"]
[WhiteElo "2238"]
[BlackElo "1845"]
[WhiteICU "2211"]
[BlackICU "1817"]
[WhiteClub "Bray/Greystones"]
[BlackClub "St. Benildus"]
[WhiteNationality "IRL"]
[BlackNationality "IRL"]
[WhiteFideId "2500434"]
[BlackFideId "14546612"]
[PlyCount "64"]
[EventDate "2020.01.24"]
[Source "TWIC 1317"]

{ Event information: <a
href="http://www.irlchess.com/gonzaga2020_allfiles/pairings_gonzaga2020.html">Tournament
report</a>. }

1. d4 Nf6 2. Nf3 g6 3. c4 Bg7 4. Nc3 d5 5. cxd5 Nxd5 6. e4 Nxc3 7. bxc3 c5
8. Be3 O-O 9. Rc1 Qa5 10. Qd2 cxd4 11. cxd4 Qxd2+ 12. Bxd2 Bg4 13. d5 f5
14. h3 Bh5 15. Ng5 Na6 16. Bc4 Kh8 17. g4 h6 18. Ne6 fxg4 19. Nxg7 Kxg7 20.
hxg4 Bxg4 21. Bxh6+ Kf6 22. Bxf8 Rxf8 23. Be2 Bd7 24. f4 e6 25. e5+ Kg7 26.
Bxa6 bxa6 27. Rc7 Rf7 28. d6 Bb5 29. Rh7+ Kxh7 30. Rxf7+ Kg8 31. Rxa7 Kf8
32. a3 Ke8 1-0

[Event "Gonzaga Masters 2020"]
[Site "Dublin IRL"]
[Date "2020.01.25"]
[Round "3.14"]
[White "Kanyamarala, Trisha"]
[Black "Rush, Stephen"]
[Result "1-0"]
[WhiteTitle "WFM"]
[WhiteElo "2195"]
[BlackElo "1987"]
[WhiteICU "2140"]
[BlackICU "2078"]
[WhiteClub "Balbriggan"]
[BlackClub "Q.U.B."]
[WhiteNationality "IRL"]
[BlackNationality "IRL"]
[WhiteFideId "45004722"]
[BlackFideId "2512173"]
[PlyCount "63"]
[EventDate "2020.01.24"]
[Source "TWIC 1317"]

{ Event information: <a
href="http://www.irlchess.com/gonzaga2020_allfiles/pairings_gonzaga2020.html">Tournament
report</a>. }

1. d4 e6 2. c4 Bb4+ 3. Bd2 Bxd2+ 4. Qxd2 Nf6 5. Nc3 O-O 6. Nf3 d5 7. e3 b6
8. cxd5 Nxd5 9. Be2 Bb7 10. O-O Nd7 11. Rfe1 Qe7 12. Red1 Nxc3 13. bxc3
Rfd8 14. a3 c5 15. a4 cxd4 16. cxd4 Rac8 17. Qb2 Be4 18. Ne1 e5 19. a5 exd4
20. Rxd4 bxa5 21. Rxa5 Nf6 22. Re5 Qb7 23. Rb4 Qc6 24. Rc4 Qb7 25. Rb5 Qe7
26. Rcb4 h6 27. Re5 Rc1 28. Rxe7 Rxe1+ 29. Bf1 Bd3 30. h3 Rxf1+ 31. Kh2 Nd5
32. Rd4 1-0

[Event "Gonzaga Masters 2020"]
[Site "Dublin IRL"]
[Date "2020.01.25"]
[Round "3.15"]
[White "Brewer, Callum"]
[Black "Gupta, Utkarsh"]
[Result "1-0"]
[WhiteElo "2134"]
[BlackElo "1853"]
[BlackICU "1816"]
[BlackClub "Dun Laoghaire"]
[WhiteNationality "ENG"]
[BlackNationality "IRL"]
[WhiteFideId "435309"]
[BlackFideId "2510790"]
[PlyCount "61"]
[EventDate "2020.01.24"]
[Source "TWIC 1317"]

{ Event information: <a
href="http://www.irlchess.com/gonzaga2020_allfiles/pairings_gonzaga2020.html">Tournament
report</a>. }

1. e4 e6 2. d4 d5 3. Nd2 dxe4 4. Nxe4 Nd7 5. g3 Ngf6 6. Nxf6+ Nxf6 7. Bg2
Be7 8. Nf3 O-O 9. O-O c5 10. dxc5 Bxc5 11. Qe2 Qb6 12. Ne5 Rd8 13. c3 a5
14. Bg5 Be7 15. Rad1 h6 16. Be3 Qc7 17. Nc4 Rxd1 18. Rxd1 Ra6 19. Bf4 Qc5
20. Rd4 b5 21. Ne5 Nd5 22. Qh5 g6 23. Nxg6 Nxf4 24. Rd8+ Kg7 25. Nxf4 e5
26. Rd5 Qc4 27. Qxe5+ Bf6 28. Nh5+ Kf8 29. Nxf6 Re6 30. Rd8+ Kg7 31. Rg8#
1-0

[Event "Gonzaga Masters 2020"]
[Site "Dublin IRL"]
[Date "2020.01.25"]
[Round "3.18"]
[White "Nolan, Conor"]
[Black "O'Gorman, Alice"]
[Result "1/2-1/2"]
[WhiteElo "1922"]
[BlackElo "1906"]
[WhiteICU "1886"]
[BlackICU "1820"]
[WhiteClub "Gonzaga"]
[BlackClub "T.C.D."]
[WhiteNationality "IRL"]
[BlackNationality "IRL"]
[WhiteFideId "2509466"]
[BlackFideId "2508214"]
[PlyCount "39"]
[EventDate "2020.01.24"]
[Source "TWIC 1317"]

{ Event information: <a
href="http://www.irlchess.com/gonzaga2020_allfiles/pairings_gonzaga2020.html">Tournament
report</a>. }

1. d4 d5 2. Nf3 Nf6 3. c4 e6 4. Nc3 Be7 5. Bf4 O-O 6. e3 c5 7. dxc5 Bxc5 8.
Qc2 Qe7 9. a3 dxc4 10. Bxc4 a6 11. O-O b5 12. Be2 Bd6 13. Bxd6 Qxd6 14. Ne4
Nxe4 15. Qxe4 Qc6 16. Qxc6 Nxc6 17. Rac1 Bb7 18. Rfd1 Rfd8 19. b4 Rxd1+ 20.
Rxd1 1/2-1/2